Neighborhoods of Jersey City on a Map - Statistics

General Stats
  • This quiz has been taken 17 times
  • The average score is 7 of 31
Answers on the Map
Answers color-coded by a green-red scale on the quiz's map according to % correct below.
 
Answer Stats
Neighborhoods % Correct
Journal Square
71%
The Heights
57%
Bergen-Lafayette
43%
Communipaw
43%
Greenville
43%
Hilltop
43%
India Square
43%
Liberty State Park
43%
Newport
43%
Exchange Place
29%
Hamilton Park
29%
Paulus Hook
29%
West Side
29%
Croxton
14%
Five Corners
14%
Harsimus Cove
14%
Lincoln Park
14%
McGinley Square
14%
Powerhouse Arts District
14%
Riverbend
14%
Western Slope
14%
Greenville Yards
0%
Grove Street
0%
Holland Tunnel
0%
Liberty Harbor
0%
Marion
0%
Pavonia
0%
Port Liberte
0%
Soho West
0%
The Village
0%
Van Horst Park
0%
No matching quizzes found
Score Distribution
Percent of People with Each Score
Percentile by Number Answered
Your Score History
You have not taken this quiz